| 000 | 00946cam a22001935a 4500 | ||
|---|---|---|---|
| 001 | L156269 | ||
| 008 | 120510s1855 xxk f 000 0 eng d | ||
| 035 | _a(Sirsi) u156269 | ||
| 041 | 0 | _aeng | |
| 110 | 2 | _aChristie and Manson | |
| 245 | 0 | 0 |
_aCatalogue of the celebrated collection of works of art, from the Byzantine period to that of Louis Seize, of that distinguished collector, Ralph Bernal, esq., deceased _balso, of the beautiful decorative furniture and service of plate: which (by order of the executors) will be sold by auction, by Messrs. Christie & Manson, at the mansion ... commencing on Monday, March the 5th, 1855 ... |
| 260 |
_a[London _bPrinted by W. Clowes and Sons _c1855] |
||
| 300 |
_a357 p., [33] leaves of plates _bill., port. _c25 cm. |
||
| 583 | 0 |
_aCondition reviewed _c20120620 _lcondition level 2 |
|
| 651 | 4 |
_aGreat Britain _y1707- |
|
| 690 |
_aAuctioneering _96218 |
||
| 700 | 1 |
_aBernal, Ralph _dd. 1854 |
|
| 942 | _n0 | ||
| 999 |
_c114140 _d114140 |
||